<?xml version="1.0" encoding="UTF-8"?>
<record
    xmlns:xsi="http://www.w3.org/2001/XMLSchema-instance"
    xsi:schemaLocation="http://www.loc.gov/MARC21/slim http://www.loc.gov/standards/marcxml/schema/MARC21slim.xsd"
    xmlns="http://www.loc.gov/MARC21/slim">

  <leader>00328nam a22001217a 4500</leader>
  <controlfield tag="008">230120b        |||||||| |||| 00| 0 eng d</controlfield>
  <datafield tag="082" ind1=" " ind2=" ">
    <subfield code="a">N915.426/T846d</subfield>
  </datafield>
  <datafield tag="100" ind1=" " ind2=" ">
    <subfield code="a">Tripathi, sudha ed.</subfield>
  </datafield>
  <datafield tag="245" ind1=" " ind2=" ">
    <subfield code="a">Dolakha darpan.</subfield>
  </datafield>
  <datafield tag="260" ind1=" " ind2=" ">
    <subfield code="a">Kathmandu:</subfield>
    <subfield code="b">Dolakha Sahitya Samaj,</subfield>
    <subfield code="c">2051.BS.</subfield>
  </datafield>
  <datafield tag="650" ind1=" " ind2=" ">
    <subfield code="a">Nepal-geography</subfield>
  </datafield>
  <datafield tag="942" ind1=" " ind2=" ">
    <subfield code="2">ddc</subfield>
    <subfield code="c">G-NC</subfield>
  </datafield>
  <datafield tag="999" ind1=" " ind2=" ">
    <subfield code="c">106973</subfield>
    <subfield code="d">106961</subfield>
  </datafield>
  <datafield tag="952" ind1=" " ind2=" ">
    <subfield code="0">0</subfield>
    <subfield code="1">0</subfield>
    <subfield code="2">ddc</subfield>
    <subfield code="4">0</subfield>
    <subfield code="7">0</subfield>
    <subfield code="a">TUCL</subfield>
    <subfield code="b">TUCL</subfield>
    <subfield code="d">2023-01-20</subfield>
    <subfield code="l">1</subfield>
    <subfield code="o">N915.426/T846d</subfield>
    <subfield code="p">106688</subfield>
    <subfield code="r">2025-03-25 10:27:25</subfield>
    <subfield code="s">2023-01-20</subfield>
    <subfield code="w">2023-01-20</subfield>
    <subfield code="y">G-NC</subfield>
  </datafield>
  <datafield tag="952" ind1=" " ind2=" ">
    <subfield code="0">0</subfield>
    <subfield code="1">0</subfield>
    <subfield code="2">ddc</subfield>
    <subfield code="4">0</subfield>
    <subfield code="7">0</subfield>
    <subfield code="a">TUCL</subfield>
    <subfield code="b">TUCL</subfield>
    <subfield code="d">2025-01-05</subfield>
    <subfield code="l">1</subfield>
    <subfield code="o">N915.426/T846d</subfield>
    <subfield code="p">106687</subfield>
    <subfield code="r">2025-01-09 05:58:17</subfield>
    <subfield code="s">2025-01-05</subfield>
    <subfield code="w">2025-01-05</subfield>
    <subfield code="y">G-NC</subfield>
  </datafield>
</record>
